| 000 | 01253na a2200301 4500 | ||
|---|---|---|---|
| 001 | 24074 | ||
| 003 | MIRAKIL | ||
| 005 | 20181213155329.0 | ||
| 008 | 180312b tu 000 0 | ||
| 040 |
_aMilas _btur _cTR-AnCHP |
||
| 041 | _atur | ||
| 082 |
_a320.5315 _bS67 [t.y.] |
||
| 090 | _a320.5315 S67 [t.y.] | ||
| 245 |
_aSosyal demokrat düşünce atölyeleri _bSosyal Güvenlik -2 |
||
| 246 | _aSosyal Güvenlik -2 | ||
| 260 |
_a[y.y.] _b[yayl.y.] _c[t.y.] |
||
| 300 |
_akrş. s. (yaklaşık 60 s.) _btbl. _c30 sm. |
||
| 505 | _aSosyal demokrat ideoloji --/ 7. Beş yıllık kalkınma planı öncesinde sosyal sektörlerdeki gelişmeler --/ AT'nda sosyal güvenliğe ilişkin düzenlemeler ve Türk sosyal güvenlik sisteminin uyum sorunları | ||
| 650 |
_aSosyal güvenlik politikaları _xTürkiye |
||
| 650 |
_aSosyal güvenlik _xTürkiye |
||
| 650 |
_aSosyal demokrasi _xTürkiye |
||
| 650 |
_aSiyaset ve yönetim _xTürkiye |
||
| 740 | _aAT'nda sosyal güvenliğe ilişkin düzenlemeler ve Türk sosyal güvenlik sisteminin uyum sorunları | ||
| 740 | _a7. Beş yıllık kalkınma planı öncesinde sosyal sektörlerdeki gelişmeler | ||
| 740 | _aSosyal demokrat ideoloji | ||
| 740 | _asosyal güvenlik -2 | ||
| 942 |
_2dcc _cBKS |
||
| 999 |
_c10634 _d10634 |
||